[Event "Mistrzostwa Malopolski Gr-B, Krakow"]
[Site "Krakow"]
[Date "2012.??.??"]
[Round "1.1"]
[White "Molenda, Marcin"]
[Black "Kubik, Zbigniew"]
[Result "1-0"]
[WhiteElo "1716"]
[BlackElo "1997"]
[PlyCount "73"]
[EventDate "2012.??.??"]

1. e4 e6 2. d4 c5 3. c3 cxd4 4. cxd4 d6 5. Nc3 Ne7 6. f4 Ng6 7. Nf3 Be7 8. Bd3
O-O 9. O-O f5 10. exf5 exf5 11. Kh1 Nc6 12. d5 Nb4 13. Be2 b6 14. Re1 Bf6 15.
a3 Na6 16. Bxa6 Bxa6 17. Nd4 Bxd4 18. Qxd4 Qh4 19. Bd2 Rac8 20. Qa4 Bd3 21.
Qxa7 Qf2 22. Rad1 Nh4 23. Rg1 Rxc3 24. Bxc3 Rf7 25. Qb8+ Rf8 26. Qc7 Rf7 27.
Qd8+ Rf8 28. Qe7 Rf7 29. Qe8+ Rf8 30. Qe6+ Kh8 31. Rxd3 Ng6 32. Rg3 Qxf4 33.
Rxg6 hxg6 34. Qxg6 Qg4 35. Bxg7+ Kg8 36. Qxg4 fxg4 37. Bxf8 1-0

[Event "Mistrzostwa Malopolski Gr-B, Krakow"]
[Site "Krakow"]
[Date "2012.??.??"]
[Round "1.2"]
[White "Gora, Jan"]
[Black "Wojtyna, Marek"]
[Result "1-0"]
[WhiteElo "1974"]
[BlackElo "1713"]
[PlyCount "60"]
[EventDate "2012.??.??"]

1. e4 c5 2. Nf3 d6 3. d4 cxd4 4. Nxd4 Nf6 5. Nc3 a6 6. Bg5 e6 7. f4 Nbd7 8. Qf3
Qc7 9. O-O-O b5 10. e5 Bb7 11. Qh3 dxe5 12. Nxe6 fxe6 13. Qxe6+ Be7 14. Bxb5
axb5 15. Nxb5 Qc6 16. Nd6+ Kd8 17. Nf7+ Ke8 18. Nd6+ Kd8 19. fxe5 Nd5 20. Bxe7+
Nxe7 21. Nf7+ Kc7 22. Qd6+ Qxd6 23. exd6+ Kc6 24. dxe7 Rhe8 25. Nd8+ Kc7 26.
Nxb7 Rxe7 27. Nd6 Rxa2 28. Nb5+ Kc6 29. Nc3 Ra1+ 30. Kd2 Ra8 1-0

[Event "Mistrzostwa Malopolski Gr-B, Krakow"]
[Site "Krakow"]
[Date "2012.??.??"]
[Round "1.3"]
[White "Bednarski, Waclaw"]
[Black "Grajczak, Adrian"]
[Result "0-1"]
[WhiteElo "1712"]
[BlackElo "1969"]
[PlyCount "64"]
[EventDate "2012.??.??"]

1. d4 d6 2. c4 e5 3. dxe5 dxe5 4. Qxd8+ Kxd8 5. g3 Be6 6. b3 Bc5 7. Bb2 Nd7 8.
Bg2 c6 9. Nf3 f6 10. Nbd2 Kc7 11. O-O Nh6 12. Ne4 Be7 13. Rfd1 Nf7 14. Ned2 a5
15. a3 Nc5 16. Rab1 Bf5 17. Rbc1 Rhd8 18. Ba1 Nxb3 19. Nxb3 Rxd1+ 20. Rxd1 Bc2
21. Rd3 Bxd3 22. exd3 Bxa3 23. Bc3 a4 24. Na1 Bc1 25. Ne1 a3 26. Nec2 Bb2 27.
Bd2 Nd6 28. Kf1 Nf5 29. Be3 Nxe3+ 30. fxe3 Ra4 31. Ke2 Bxa1 32. Nxa1 Rb4 0-1

[Event "Mistrzostwa Malopolski Gr-B, Krakow"]
[Site "Krakow"]
[Date "2012.??.??"]
[Round "1.4"]
[White "Michalak, Marek"]
[Black "Peronczyk, Karol"]
[Result "1-0"]
[WhiteElo "1937"]
[BlackElo "1711"]
[PlyCount "119"]
[EventDate "2012.??.??"]

1. b4 c6 2. Bb2 Qb6 3. a3 a5 4. c4 axb4 5. c5 Qc7 6. axb4 Rxa1 7. Bxa1 Nf6 8.
Nc3 Na6 9. Qb3 d6 10. d4 e5 11. dxe5 dxe5 12. e3 Be6 13. Bc4 Bxc4 14. Qxc4 Nd5
15. Nxd5 cxd5 16. Qb3 Be7 17. Nf3 e4 18. Nd4 Qd7 19. O-O O-O 20. Ne2 Qb5 21.
Nf4 Qxb4 22. Qxd5 Nxc5 23. Nh5 Ne6 24. Qe5 Qc5 25. g4 Qxe5 26. Bxe5 f6 27. Bb2
Rc8 28. Ng3 Rc2 29. Rb1 Ng5 30. Kg2 Rc4 31. Bd4 Rb4 32. Rc1 Ne6 33. Rc8+ Kf7
34. Bc3 Ra4 35. Rb8 Rc4 36. Bb2 Nc5 37. Nf5 Bf8 38. Ba3 g6 39. Bxc5 Rxc5 40.
Rxb7+ Ke8 41. Nd4 Be7 42. h3 Kf7 43. Kg3 g5 44. Nf5 Re5 45. h4 Kf8 46. h5 Kf7
47. Kg2 Kf8 48. Kf1 Ke8 49. Ke2 Kf8 50. Kd2 Ke8 51. Kc3 Kf8 52. Kc4 Ke8 53.
Nxe7 Rxe7 54. Rxe7+ Kxe7 55. Kd5 h6 56. Kxe4 Ke6 57. f3 f5+ 58. Kd4 Kf6 59. Kd5
f4 60. e4 1-0

[Event "Mistrzostwa Malopolski Gr-B, Krakow"]
[Site "Krakow"]
[Date "2012.??.??"]
[Round "1.5"]
[White "Szczepanski, Henryk"]
[Black "Sleczka, Bartosz"]
[Result "0-1"]
[WhiteElo "1701"]
[BlackElo "1915"]
[PlyCount "136"]
[EventDate "2012.??.??"]

1. d4 Nf6 2. c4 e6 3. Nc3 d5 4. Bf4 Bd6 5. Bg5 c6 6. cxd5 exd5 7. Nf3 Nbd7 8.
e3 O-O 9. Be2 Re8 10. O-O Qa5 11. Re1 Ne4 12. Qc2 Nf8 13. Bh4 Ng6 14. Bg3 Bb4
15. Rec1 Bg4 16. Nxe4 dxe4 17. Ne1 Bxe2 18. Qxe2 h5 19. h3 Re6 20. Nc2 Be7 21.
a3 Rd8 22. b4 Qg5 23. Rab1 Rd5 24. a4 a6 25. Na3 b5 26. axb5 axb5 27. Nc2 Nh4
28. Ne1 Rg6 29. Bxh4 Qxh4 30. Kh1 Rdg5 31. Qf1 Rxg2 32. Qxg2 Rxg2 33. Kxg2 Qf6
34. Kf1 Qe6 35. Kg2 g5 36. Nc2 g4 37. Rh1 Qa2 38. Rbc1 Qc4 39. hxg4 hxg4 40.
Na1 Qe6 41. Nc2 Qf6 42. Kg1 Qf3 43. Ne1 Qe2 44. Ng2 Bd6 45. Re1 Qb2 46. Rh4 f5
47. Rh5 Bxb4 48. Rf1 Bd6 49. Rxf5 Qa3 50. Rg5+ Kf7 51. Rxg4 b4 52. Nh4 b3 53.
Kh1 b2 54. Nf5 Bf8 55. Rgg1 Qd3 56. Ng3 Bb4 57. Rb1 Qc2 58. d5 cxd5 59. Nf5 Bd2
60. Nd4 Qc3 61. Rgd1 Bc1 62. Kg2 Qc4 63. Kg3 Kf6 64. Kf4 Qa2 65. Rbxc1 bxc1=Q
66. Rxc1 Qxf2+ 67. Kg4 Qg2+ 68. Kf4 Qg5# 0-1

[Event "Mistrzostwa Malopolski Gr-B, Krakow"]
[Site "Krakow"]
[Date "2012.??.??"]
[Round "2.1"]
[White "Klementys, Jerzy"]
[Black "Gora, Jan"]
[Result "0-1"]
[WhiteElo "1815"]
[BlackElo "1974"]
[PlyCount "110"]
[EventDate "2012.??.??"]

1. d4 d5 2. c4 e6 3. Nc3 c6 4. Nf3 dxc4 5. a4 Bb4 6. e3 b5 7. axb5 cxb5 8. Bd2
Bxc3 9. Bxc3 a5 10. d5 Nf6 11. dxe6 Qxd1+ 12. Rxd1 fxe6 13. Ra1 Nc6 14. b3 Bd7
15. bxc4 b4 16. Bxf6 gxf6 17. Bd3 Ke7 18. Bc2 Nd8 19. Ba4 Bxa4 20. Rxa4 Nb7 21.
Nd4 Rhc8 22. Nb3 Rxc4 23. Kd2 Rc3 24. Rb1 Rd8+ 25. Ke2 Rxb3 26. Rxb3 Nc5 27.
Rbxb4 axb4 28. Rxb4 Rd7 29. Rc4 Kd6 30. Rh4 e5 31. g4 Rg7 32. f3 Ke6 33. Rh6
Nd7 34. Rh3 Nf8 35. Rg3 Ra7 36. h3 Ra2+ 37. Kd3 Ng6 38. Rg1 Rh2 39. Rg3 Kd5 40.
Kc3 Rf2 41. Kd3 Nh4 42. e4+ Ke6 43. Ke3 Rg2 44. Rxg2 Nxg2+ 45. Kf2 Nf4 46. h4
h6 47. Kg3 Kd6 48. g5 fxg5 49. hxg5 hxg5 50. Kg4 Ne6 51. Kf5 Nd4+ 52. Kxg5
Nxf3+ 53. Kf6 Kc5 54. Ke6 Kd4 55. Kf5 Nd2 0-1

[Event "Mistrzostwa Malopolski Gr-B, Krakow"]
[Site "Krakow"]
[Date "2012.??.??"]
[Round "2.2"]
[White "Grajczak, Adrian"]
[Black "Matysiak, Samuel"]
[Result "1-0"]
[WhiteElo "1969"]
[BlackElo "1822"]
[PlyCount "77"]
[EventDate "2012.??.??"]

1. e4 e5 2. Nf3 Nc6 3. Bb5 a6 4. Ba4 Nf6 5. O-O b5 6. Bb3 Be7 7. Re1 O-O 8. c3
Bb7 9. d4 d6 10. Nbd2 h6 11. Nf1 Re8 12. Ng3 Bf8 13. h3 Na5 14. Bc2 c5 15. d5
Bc8 16. b3 Nb7 17. Be3 Bd7 18. Qd2 a5 19. Re2 Qe7 20. Rf1 a4 21. b4 Rac8 22.
Ne1 Rc7 23. f4 cxb4 24. cxb4 Rec8 25. Ref2 Kh7 26. Bd3 Rc3 27. Ne2 R3c4 28.
Bxc4 Rxc4 29. Ng3 Nxe4 30. Nxe4 Rxe4 31. fxe5 Qxe5 32. Rxf7 Rxe3 33. Rxd7 Be7
34. Rxb7 Bf6 35. Nf3 Qe4 36. Re1 Bd4 37. Qxd4 Rxe1+ 38. Kh2 Qg6 39. Nxe1 1-0

[Event "Mistrzostwa Malopolski Gr-B, Krakow"]
[Site "Krakow"]
[Date "2012.??.??"]
[Round "2.3"]
[White "Krzeminski, Sebastian"]
[Black "Michalak, Marek"]
[Result "1-0"]
[WhiteElo "1723"]
[BlackElo "1937"]
[PlyCount "71"]
[EventDate "2012.??.??"]

1. d4 Nf6 2. c4 g6 3. Nc3 Bg7 4. e4 d6 5. Nf3 O-O 6. Bd3 Na6 7. O-O c5 8. d5
Bd7 9. Re1 Rb8 10. a3 Nc7 11. a4 b6 12. Be3 a6 13. Qd2 b5 14. axb5 axb5 15. b3
Ng4 16. Rac1 Nxe3 17. fxe3 bxc4 18. bxc4 Na6 19. e5 dxe5 20. e4 Nb4 21. Ra1 Qc7
22. Rec1 f5 23. Qe3 Nxd3 24. Qxd3 Rb3 25. Qc2 Rb4 26. Rd1 Rfb8 27. d6 Qb7 28.
dxe7 Rxc4 29. Rab1 Rb4 30. Qa2+ Kh8 31. Ng5 h6 32. Nf7+ Kh7 33. Nd8 Qb6 34.
Rxd7 Rxb1+ 35. Qxb1 Qxb1+ 36. Nxb1 1-0

[Event "Mistrzostwa Malopolski Gr-B, Krakow"]
[Site "Krakow"]
[Date "2012.??.??"]
[Round "2.4"]
[White "Sleczka, Bartosz"]
[Black "Gondko, Katarzyna"]
[Result "1-0"]
[WhiteElo "1915"]
[BlackElo "1799"]
[PlyCount "45"]
[EventDate "2012.??.??"]

1. e4 c5 2. Nf3 Nc6 3. d4 cxd4 4. Nxd4 e5 5. Nb5 d6 6. a4 Be6 7. N1c3 a6 8. Na3
Nge7 9. Bc4 Bxc4 10. Nxc4 Nd4 11. Be3 Rc8 12. Bxd4 Rxc4 13. Be3 f5 14. Qd3 Rb4
15. exf5 Rxb2 16. O-O-O Rb4 17. Bc5 Rf4 18. g3 Rxf5 19. Bxd6 Qc8 20. f4 Qe6 21.
fxe5 Nc8 22. g4 Rf4 23. Nd5 1-0

[Event "Mistrzostwa Malopolski Gr-B, Krakow"]
[Site "Krakow"]
[Date "2012.??.??"]
[Round "2.5"]
[White "Zajac, Mateusz"]
[Black "Czaplak, Lukasz"]
[Result "1-0"]
[WhiteElo "1904"]
[BlackElo "1752"]
[PlyCount "73"]
[EventDate "2012.??.??"]

1. e4 e6 2. d3 d5 3. Nd2 c5 4. Ngf3 g6 5. g3 Bg7 6. Bg2 Nf6 7. O-O O-O 8. Re1
Nc6 9. c3 b6 10. Qa4 Bb7 11. Nf1 a6 12. e5 Nd7 13. Bf4 b5 14. Qd1 Nb6 15. h4
Re8 16. h5 h6 17. hxg6 fxg6 18. d4 cxd4 19. cxd4 Rc8 20. a3 g5 21. Bc1 a5 22.
N1d2 b4 23. Bf1 Qe7 24. Bd3 Nd8 25. Nxg5 hxg5 26. Qh5 Nf7 27. Nf3 Rxc1 28.
Rexc1 Rb8 29. axb4 axb4 30. b3 Ra8 31. Kg2 Rxa1 32. Rxa1 Qc7 33. Rh1 Qe7 34.
Qg6 Bc8 35. Rh7 Nd8 36. Rh8+ Kxh8 37. Qh7# 1-0

[Event "Mistrzostwa Malopolski Gr-B, Krakow"]
[Site "Krakow"]
[Date "2012.??.??"]
[Round "3.1"]
[White "Gora, Jan"]
[Black "Krzeminski, Sebastian"]
[Result "1-0"]
[WhiteElo "1974"]
[BlackElo "1723"]
[PlyCount "37"]
[EventDate "2012.??.??"]

1. e4 c6 2. c4 d6 3. d4 Nd7 4. Nc3 g6 5. Nf3 Bg7 6. Bd3 c5 7. Be3 b6 8. O-O Bb7
9. d5 Ngf6 10. Nd2 O-O 11. f4 e5 12. f5 Nh5 13. Be2 Nf4 14. Bf3 gxf5 15. exf5
Qg5 16. Kh1 Qh4 17. g3 Qh6 18. Nde4 Bc8 19. Ne2 1-0

[Event "Mistrzostwa Malopolski Gr-B, Krakow"]
[Site "Krakow"]
[Date "2012.??.??"]
[Round "3.2"]
[White "Jasiak, Filip"]
[Black "Grajczak, Adrian"]
[Result "1/2-1/2"]
[WhiteElo "1897"]
[BlackElo "1969"]
[PlyCount "60"]
[EventDate "2012.??.??"]

1. d4 d6 2. c4 e5 3. dxe5 dxe5 4. Qxd8+ Kxd8 5. Nf3 f6 6. Nc3 Be6 7. e4 c6 8.
Be3 Nd7 9. O-O-O Kc7 10. Be2 g5 11. h3 Ne7 12. Nd2 h5 13. Nb3 Ng6 14. g3 h4 15.
g4 Bb4 16. Kc2 Rhd8 17. f3 b6 18. a3 Be7 19. Rd2 Ndf8 20. Rhd1 Bd7 21. Bf1 Ne6
22. Na4 c5 23. Nc3 Nd4+ 24. Nxd4 cxd4 25. Nd5+ Kb7 26. Bf2 Rac8 27. Nxe7 Nxe7
28. b3 Ng6 29. Kb2 Nf4 30. Be1 Ne6 1/2-1/2

[Event "Mistrzostwa Malopolski Gr-B, Krakow"]
[Site "Krakow"]
[Date "2012.??.??"]
[Round "3.3"]
[White "Knapik, Andrzej"]
[Black "Sleczka, Bartosz"]
[Result "1-0"]
[WhiteElo "1889"]
[BlackElo "1915"]
[PlyCount "79"]
[EventDate "2012.??.??"]

1. e4 d6 2. d4 Nf6 3. Nc3 g6 4. f4 Bg7 5. Nf3 O-O 6. Bc4 Nxe4 7. Nxe4 d5 8. Bd3
dxe4 9. Bxe4 c5 10. c3 Qb6 11. Qb3 Nd7 12. Be3 Nf6 13. Bc2 Be6 14. Qxb6 axb6
15. a3 Nd5 16. Kf2 c4 17. Rae1 f6 18. Bc1 Kf7 19. h4 Bd7 20. h5 Rh8 21. Rh4 e6
22. g4 Ne7 23. Kg3 Rhe8 24. Reh1 Ra5 25. g5 f5 26. R1h2 Nc6 27. Be3 b5 28. Bd1
Ne7 29. Ne5+ Bxe5 30. dxe5 Rg8 31. Bc5 Nd5 32. Bf3 Bc6 33. hxg6+ hxg6 34. Rh7+
Rg7 35. Rh8 Rg8 36. Rh1 Raa8 37. R1h7+ Rg7 38. Rxg7+ Kxg7 39. Rxa8 b6 40. Ra7+
1-0

[Event "Mistrzostwa Malopolski Gr-B, Krakow"]
[Site "Krakow"]
[Date "2012.??.??"]
[Round "3.4"]
[White "Zadlo, Maciej"]
[Black "Zajac, Mateusz"]
[Result "1/2-1/2"]
[WhiteElo "1735"]
[BlackElo "1904"]
[PlyCount "85"]
[EventDate "2012.??.??"]

1. e4 g6 2. d4 Bg7 3. Nf3 d6 4. Nc3 Nf6 5. Be3 O-O 6. Qd2 c6 7. h3 b5 8. Bd3
Nbd7 9. Bh6 Qc7 10. O-O a6 11. Bxg7 Kxg7 12. b4 a5 13. a3 Nb6 14. d5 Nc4 15.
Bxc4 bxc4 16. dxc6 Qxc6 17. b5 Qb7 18. Qd4 a4 19. Qxc4 Be6 20. Qb4 Rfc8 21. Nd4
Bc4 22. Rfe1 e5 23. Nc6 Bxb5 24. Nxb5 Qxc6 25. Rab1 Qxc2 26. Rbc1 Qb3 27. Rxc8
Rxc8 28. Nxd6 Qxb4 29. axb4 Rc6 30. Rd1 a3 31. b5 Rb6 32. Nc4 Rxb5 33. Nxa3 Rc5
34. f3 Nh5 35. Rd2 Nf4 36. Kf2 h5 37. h4 Kf6 38. Nc2 Ne6 39. Ne3 Nd4 40. Ra2
Kg7 41. g4 hxg4 42. fxg4 Ne6 43. Kf3 1/2-1/2

[Event "Mistrzostwa Malopolski Gr-B, Krakow"]
[Site "Krakow"]
[Date "2012.??.??"]
[Round "3.5"]
[White "Molenda, Marcin"]
[Black "Sobczynski, Roman"]
[Result "1/2-1/2"]
[WhiteElo "1716"]
[BlackElo "1886"]
[PlyCount "48"]
[EventDate "2012.??.??"]

1. e4 c5 2. c3 Nf6 3. e5 Nd5 4. Nf3 e6 5. Bc4 Nb6 6. Bb3 d5 7. exd6 Bxd6 8. d4
O-O 9. O-O Nc6 10. Be3 cxd4 11. cxd4 Nd5 12. Nc3 b6 13. Nxd5 exd5 14. Rc1 Bb7
15. Kh1 Ne7 16. Bc2 Ng6 17. Qd2 Qd7 18. Bxg6 hxg6 19. Rc2 Rac8 20. Rfc1 Rxc2
21. Rxc2 Rc8 22. Rxc8+ Qxc8 23. Qc1 Qf5 24. Qd1 Qd7 1/2-1/2

[Event "Mistrzostwa Malopolski Gr-B, Krakow"]
[Site "Krakow"]
[Date "2012.??.??"]
[Round "4.1"]
[White "Knapik, Andrzej"]
[Black "Gora, Jan"]
[Result "1/2-1/2"]
[WhiteElo "1889"]
[BlackElo "1974"]
[PlyCount "111"]
[EventDate "2012.??.??"]

1. e4 c5 2. Nf3 d6 3. d4 cxd4 4. Nxd4 Nf6 5. f3 e5 6. Nb3 d5 7. exd5 Qxd5 8.
Nc3 Qxd1+ 9. Kxd1 Be6 10. Bb5+ Nbd7 11. Re1 O-O-O 12. Bd2 a6 13. Bd3 Nd5 14.
Nxd5 Bxd5 15. Ba5 Re8 16. c4 Be6 17. Kc2 f6 18. Rac1 g6 19. Kb1 b6 20. Bd2 Nc5
21. Nxc5 Bxc5 22. Bc3 Rd8 23. Kc2 Rd7 24. b3 Rhd8 25. Be2 Bd4 26. Bxd4 Rxd4 27.
Red1 Kc7 28. Rxd4 Rxd4 29. Rd1 Rxd1 30. Kxd1 f5 31. Bd3 Kd6 32. Kd2 Kc5 33. Kc3
a5 34. a3 Bd7 35. b4+ axb4+ 36. axb4+ Kd6 37. Kd2 Bc8 38. Ke3 f4+ 39. Kd2 Be6
40. Kc3 Bf7 41. Be4 h6 42. Kd3 g5 43. Bf5 h5 44. h3 Be8 45. Kc3 Bc6 46. Bg6 h4
47. Kd3 Bd7 48. Ke4 Be6 49. c5+ bxc5 50. bxc5+ Kxc5 51. Kxe5 Bc4 52. Kf5 Bf1
53. Kxg5 Bxg2 54. Be4 Bxh3 55. Kxh4 Bg2 56. Kg4 1/2-1/2

[Event "Mistrzostwa Malopolski Gr-B, Krakow"]
[Site "Krakow"]
[Date "2012.??.??"]
[Round "4.2"]
[White "Grajczak, Adrian"]
[Black "Zadlo, Maciej"]
[Result "1-0"]
[WhiteElo "1969"]
[BlackElo "1735"]
[PlyCount "35"]
[EventDate "2012.??.??"]

1. e4 c6 2. d4 d5 3. f3 dxe4 4. fxe4 e5 5. Nf3 Bg4 6. Bc4 Nd7 7. O-O Ngf6 8. c3
b5 9. Bb3 Bd6 10. Bg5 O-O 11. Nbd2 Qb6 12. Qe1 Rae8 13. Be3 Qc7 14. Qh4 exd4
15. cxd4 Bxf3 16. Rxf3 Be7 17. Rh3 h6 18. Bxh6 1-0

[Event "Mistrzostwa Malopolski Gr-B, Krakow"]
[Site "Krakow"]
[Date "2012.??.??"]
[Round "4.3"]
[White "Zajac, Mateusz"]
[Black "Suliborski, Artur"]
[Result "1-0"]
[WhiteElo "1904"]
[BlackElo "1723"]
[PlyCount "78"]
[EventDate "2012.??.??"]

1. d4 f5 2. g3 Nf6 3. Bg2 g6 4. Nf3 d6 5. c4 Bg7 6. Nc3 O-O 7. O-O Qe8 8. d5
Na6 9. Rb1 Nc5 10. b4 Nce4 11. Bb2 Nxc3 12. Bxc3 Rb8 13. Nd4 e5 14. dxe6 Bxe6
15. Nxe6 Qxe6 16. e3 Rfe8 17. c5 dxc5 18. bxc5 b6 19. Qa4 a5 20. Rfe1 Bf8 21.
cxb6 cxb6 22. Bd4 Red8 23. Rec1 Ne4 24. Bxe4 Qxe4 25. Rb5 Bg7 26. Qb3+ Kh8 27.
Qf7 Rxd4 28. exd4 Qxd4 29. Rd5 Qb2 30. Rcd1 Qf6 31. Qc7 Rf8 32. Rd8 f4 33.
Rxf8+ Bxf8 34. gxf4 h5 35. Qe5 Bg7 36. Qxf6 Bxf6 37. Rd6 Kg7 38. Rxb6 Bc3 39.
Kg2 Kf7 1-0

[Event "Mistrzostwa Malopolski Gr-B, Krakow"]
[Site "Krakow"]
[Date "2012.??.??"]
[Round "4.4"]
[White "Molenda, Marcin"]
[Black "Jasiak, Filip"]
[Result "0-1"]
[WhiteElo "1716"]
[BlackElo "1897"]
[PlyCount "62"]
[EventDate "2012.??.??"]

1. e4 c5 2. c3 g6 3. d4 b6 4. Be3 d6 5. Bc4 e6 6. dxc5 bxc5 7. Na3 Bb7 8. Qc2
Bg7 9. O-O-O Qb6 10. Bb5+ Ke7 11. Qd2 Nf6 12. Nc4 Qc7 13. Qxd6+ Qxd6 14. Nxd6
Bxe4 15. Bxc5 Bh6+ 16. Rd2 Bxd2+ 17. Kxd2 Rd8 18. f3 Bc6 19. Bxc6 Nxc6 20. Kc2
Rxd6 21. Ne2 Kd7 22. Bxd6 Kxd6 23. b4 a6 24. a4 Nd5 25. Kb3 Rb8 26. Ka3 Ne5 27.
Kb3 Ne3 28. f4 Nd3 29. Ka2 Kc7 30. g3 Rd8 31. Nd4 Nxb4+ 0-1

[Event "Mistrzostwa Malopolski Gr-B, Krakow"]
[Site "Krakow"]
[Date "2012.??.??"]
[Round "4.5"]
[White "Sleczka, Bartosz"]
[Black "Czaplak, Lukasz"]
[Result "1-0"]
[WhiteElo "1915"]
[BlackElo "1752"]
[PlyCount "53"]
[EventDate "2012.??.??"]

1. e4 e6 2. d4 d5 3. Nc3 dxe4 4. Nxe4 Nd7 5. Bd3 Ngf6 6. Nxf6+ Nxf6 7. Nf3 Be7
8. O-O O-O 9. Ne5 c5 10. dxc5 Qa5 11. Qe2 Qxc5 12. Bg5 Nd7 13. Nxd7 Bxd7 14.
Bxe7 Qxe7 15. Qe4 f5 16. Qxb7 Rfb8 17. Qf3 Qc5 18. b3 Re8 19. Rfe1 Kh8 20. Rad1
Bc6 21. Qf4 Rad8 22. Re5 Qa3 23. Rde1 Qb2 24. Qb4 Bd7 25. Bxf5 Rf8 26. Bd3 Bc8
27. Rh5 1-0

[Event "Mistrzostwa Malopolski Gr-B, Krakow"]
[Site "Krakow"]
[Date "2012.??.??"]
[Round "5.1"]
[White "Gora, Jan"]
[Black "Grajczak, Adrian"]
[Result "1/2-1/2"]
[WhiteElo "1974"]
[BlackElo "1969"]
[PlyCount "71"]
[EventDate "2012.??.??"]

1. e4 d6 2. d4 Nf6 3. Nc3 e5 4. dxe5 dxe5 5. Qxd8+ Kxd8 6. Bg5 Be6 7. O-O-O+
Nbd7 8. Nf3 Kc8 9. Bxf6 gxf6 10. Nh4 Bb4 11. Nd5 Bc5 12. Ne3 Bxe3+ 13. fxe3 Rg8
14. Bd3 c6 15. Rhf1 Kc7 16. g3 Rg5 17. Rf2 Rag8 18. Rdf1 b5 19. Rd2 Rd8 20. b3
Bh3 21. Rff2 Be6 22. Bf1 Rgg8 23. Nf5 Nc5 24. Rxd8 Rxd8 25. Bg2 Nd7 26. Nh6 Kd6
27. Nf5+ Kc7 28. Nh6 Kd6 29. Rd2+ Kc7 30. g4 Nc5 31. Rf2 Nd7 32. h4 Kd6 33.
Rd2+ Ke7 34. Nf5+ Bxf5 35. exf5 Rc8 36. Kb2 1/2-1/2

[Event "Mistrzostwa Malopolski Gr-B, Krakow"]
[Site "Krakow"]
[Date "2012.??.??"]
[Round "5.2"]
[White "Jasiak, Filip"]
[Black "Zajac, Mateusz"]
[Result "1/2-1/2"]
[WhiteElo "1897"]
[BlackElo "1904"]
[PlyCount "46"]
[EventDate "2012.??.??"]

1. d4 Nf6 2. c4 g6 3. Nc3 Bg7 4. e4 d6 5. Be2 O-O 6. f4 c5 7. d5 e6 8. dxe6
fxe6 9. Nf3 Nc6 10. O-O a6 11. Kh1 Qe7 12. a3 b6 13. Be3 Bb7 14. Qb3 Ng4 15.
Bd2 Nd4 16. Nxd4 cxd4 17. Bxg4 dxc3 18. Bxc3 Bxc3 19. Qxc3 Bxe4 20. Qe3 d5 21.
Qxb6 Rf6 22. Rae1 Raf8 23. Qe3 Qc7 1/2-1/2

[Event "Mistrzostwa Malopolski Gr-B, Krakow"]
[Site "Krakow"]
[Date "2012.??.??"]
[Round "5.3"]
[White "Krzeminski, Sebastian"]
[Black "Knapik, Andrzej"]
[Result "1-0"]
[WhiteElo "1723"]
[BlackElo "1889"]
[PlyCount "69"]
[EventDate "2012.??.??"]

1. d4 Nf6 2. c4 g6 3. Nc3 Bg7 4. e4 O-O 5. f4 d6 6. Nf3 c5 7. d5 e6 8. dxe6
fxe6 9. Be2 Nc6 10. O-O Qe7 11. Kh1 b6 12. a3 Bb7 13. Qc2 Nd4 14. Qd3 Nxe2 15.
Qxe2 Rae8 16. Re1 Nh5 17. g3 Qd7 18. Kg2 Nf6 19. Kg1 Qc6 20. Bd2 Kh8 21. Rad1
d5 22. Ne5 Qc8 23. exd5 exd5 24. Nxd5 Nxd5 25. cxd5 Bxd5 26. Bc3 Qa8 27. Qd3
Rd8 28. Qe2 Qb7 29. Qf2 Rde8 30. Qd2 Bb3 31. Qd7 Rb8 32. Nxg6+ hxg6 33. Bxg7+
Kg8 34. Re7 Bxd1 35. Qe6+ 1-0

[Event "Mistrzostwa Malopolski Gr-B, Krakow"]
[Site "Krakow"]
[Date "2012.??.??"]
[Round "5.4"]
[White "Sleczka, Bartosz"]
[Black "Kasperek, Kinga"]
[Result "1-0"]
[WhiteElo "1915"]
[BlackElo "1518"]
[PlyCount "57"]
[EventDate "2012.??.??"]

1. e4 c5 2. Nf3 Nc6 3. d4 cxd4 4. Nxd4 g6 5. Nc3 Bg7 6. Be3 Nf6 7. Bc4 O-O 8.
Bb3 d6 9. f3 Bd7 10. Qd2 Ne5 11. O-O Rc8 12. Qe2 Nc6 13. Rad1 Na5 14. Kh1 a6
15. Qf2 Nc4 16. Bc1 b5 17. Nb1 Qb6 18. Bxc4 Rxc4 19. Nf5 Qd8 20. Nxg7 Kxg7 21.
c3 Qb8 22. Na3 Rc6 23. Nc2 Rfc8 24. Nb4 Rc4 25. Nxa6 Qa8 26. Nb4 Be6 27. Bg5 h6
28. Bxf6+ Kxf6 29. Qh4+ 1-0

[Event "Mistrzostwa Malopolski Gr-B, Krakow"]
[Site "Krakow"]
[Date "2012.??.??"]
[Round "6.1"]
[White "Zajac, Mateusz"]
[Black "Gora, Jan"]
[Result "0-1"]
[WhiteElo "1904"]
[BlackElo "1974"]
[PlyCount "87"]
[EventDate "2012.??.??"]

1. e4 c5 2. Nf3 e6 3. d3 d6 4. g3 g6 5. Bg2 Bg7 6. O-O Ne7 7. c3 Nbc6 8. Be3
O-O 9. Nbd2 b6 10. Nb3 d5 11. exd5 Nxd5 12. Bg5 f6 13. Bc1 e5 14. d4 cxd4 15.
cxd4 e4 16. Nfd2 f5 17. Re1 Ndb4 18. Bf1 Nxd4 19. Nxd4 Qxd4 20. Qb3+ Kh8 21.
Nc4 Nd3 22. Be3 Qd5 23. Nxb6 Qxb3 24. axb3 axb6 25. Rxa8 Nxe1 26. Bxb6 Nf3+ 27.
Kg2 Bb7 28. Ra7 Bd5 29. b4 Ne1+ 30. Kg1 Nd3 31. Bc5 Nxc5 32. bxc5 Bxb2 33. Rd7
Be6 34. Re7 Bc8 35. Bb5 Ba3 36. Rc7 g5 37. Kf1 f4 38. gxf4 gxf4 39. c6 Bc5 40.
Bc4 f3 41. h4 Rd8 42. Kg1 Rd1+ 43. Bf1 Bh3 44. Rb7 0-1

[Event "Mistrzostwa Malopolski Gr-B, Krakow"]
[Site "Krakow"]
[Date "2012.??.??"]
[Round "6.2"]
[White "Grajczak, Adrian"]
[Black "Krzeminski, Sebastian"]
[Result "1-0"]
[WhiteElo "1969"]
[BlackElo "1723"]
[PlyCount "87"]
[EventDate "2012.??.??"]

1. e4 c6 2. d4 d5 3. f3 h6 4. Nc3 dxe4 5. fxe4 Nf6 6. Nf3 Bg4 7. Be3 e6 8. Bd3
Nbd7 9. O-O Be7 10. Qe1 Bxf3 11. Rxf3 e5 12. Qg3 exd4 13. Bxd4 c5 14. Be3 g6
15. Bc4 Rf8 16. Bxh6 Qb8 17. Qxb8+ Rxb8 18. Bxf8 Kxf8 19. Be2 Ne5 20. Rf4 Rd8
21. Rd1 Rxd1+ 22. Bxd1 Nfd7 23. Nd5 Bg5 24. Rf1 Nc4 25. b3 Nd6 26. Bf3 Ne5 27.
Kf2 Nb5 28. Rd1 Kg7 29. c3 a6 30. a4 Na7 31. Nb6 Nac6 32. Nd7 c4 33. Nxe5 Nxe5
34. bxc4 Nxc4 35. Rb1 Bf6 36. Ke2 Nd6 37. Rb6 Be5 38. g3 Kf8 39. Kd3 Ke8 40. c4
Ke7 41. c5 Kd7 42. Rxd6+ Bxd6 43. cxd6 Kxd6 44. e5+ 1-0

[Event "Mistrzostwa Malopolski Gr-B, Krakow"]
[Site "Krakow"]
[Date "2012.??.??"]
[Round "6.3"]
[White "Jasiak, Filip"]
[Black "Sleczka, Bartosz"]
[Result "1/2-1/2"]
[WhiteElo "1897"]
[BlackElo "1915"]
[PlyCount "85"]
[EventDate "2012.??.??"]

1. d4 Nf6 2. c4 e6 3. Nc3 d5 4. Nf3 c6 5. Bf4 Bd6 6. Bxd6 Qxd6 7. e3 Nbd7 8. c5
Qe7 9. Be2 O-O 10. O-O e5 11. Nxe5 Nxe5 12. dxe5 Qxe5 13. Qd4 Re8 14. Bd3 Qh5
15. Qf4 Nd7 16. b4 Ne5 17. Be2 Qg6 18. Rad1 Bf5 19. Rd4 a5 20. b5 Bd3 21. bxc6
bxc6 22. h3 Bxe2 23. Nxe2 Qc2 24. Nc1 Qxc5 25. Nb3 Qe7 26. Rc1 a4 27. Nc5 Nc4
28. Nd3 Qa3 29. Rc2 Rad8 30. Qc7 Rc8 31. Qd7 c5 32. Rdxc4 dxc4 33. Ne5 Rf8 34.
Nxf7 Qd3 35. Qe6 Qg6 36. Qxg6 hxg6 37. Ne5 Rf6 38. Rxc4 Re6 39. f4 Ra6 40. Kf2
Rb8 41. Rc2 a3 42. Nc4 Ra4 43. Ke2 1/2-1/2

[Event "Mistrzostwa Malopolski Gr-B, Krakow"]
[Site "Krakow"]
[Date "2012.??.??"]
[Round "6.5"]
[White "Suliborski, Artur"]
[Black "Zadlo, Maciej"]
[Result "1/2-1/2"]
[WhiteElo "1723"]
[BlackElo "1735"]
[PlyCount "30"]
[EventDate "2012.??.??"]

1. e4 c6 2. d4 d5 3. exd5 cxd5 4. c4 e6 5. Nf3 Nf6 6. Nc3 Be7 7. Bd3 Nc6 8. a3
O-O 9. O-O dxc4 10. Bxc4 Nd5 11. Re1 Bf6 12. Ne4 Nce7 13. Nxf6+ Nxf6 14. Bg5
Ned5 15. Qb3 Qb6 1/2-1/2

[Event "Mistrzostwa Malopolski Gr-B, Krakow"]
[Site "Krakow"]
[Date "2012.??.??"]
[Round "7.2"]
[White "Gora, Jan"]
[Black "Jasiak, Filip"]
[Result "1/2-1/2"]
[WhiteElo "1974"]
[BlackElo "1897"]
[PlyCount "45"]
[EventDate "2012.??.??"]

1. e4 c5 2. Nf3 e6 3. d4 cxd4 4. Nxd4 a6 5. Bd3 Nf6 6. O-O Bc5 7. Nb3 Ba7 8. e5
Nd5 9. Qg4 g6 10. N1d2 d6 11. exd6 Qxd6 12. Nc4 Qc7 13. Bh6 Nc6 14. Ne3 Nxe3
15. fxe3 e5 16. Qh4 Qe7 17. Qg3 f5 18. Kh1 Be6 19. Rad1 Qc7 20. Qh4 Qe7 21. Bg5
Qf7 22. Bh6 Qe7 23. Bg5 1/2-1/2